| 000 | 00454cam a2200181ua 4500 | ||
|---|---|---|---|
| 020 | _c45.00 | ||
| 041 |
_aeng _h |
||
| 082 |
_a519.5 _bKAP/EL |
||
| 100 | _aKapoor, S.K . | ||
| 245 |
_aElements of practical statistics / _cS.K.Kapoor. _hTextual Documents |
||
| 250 |
_a2 / _b. |
||
| 260 |
_aNew Delhi : _bOxford & IBH Publishing company , _c1981. |
||
| 300 | _a498 ; . | ||
| 365 | _a45.00 | ||
| 504 | _a | ||
| 942 | _cBK | ||
| 999 |
_c9832 _d9832 |
||